[Event "SZFO-ch"]
[Site "St Petersburg"]
[Date "2009.03.29"]
[Round "9"]
[White "Veltmander, Vitaliy"]
[Black "Khan, Andrey"]
[Result "1-0"]
[WhiteElo "2086"]
[BlackElo "1774"]
[PlyCount "82"]
[EventDate "2009.03.23"]
[EventType "swiss"]
[EventRounds "9"]
[EventCountry "RUS"]
[SourceTitle "EXT 2010"]
[Source "ChessBase"]
[SourceDate "2010.11.25"]
[SourceVersion "1"]
[SourceVersionDate "2010.11.25"]
[SourceQuality "1"]

1. d4 d5 2. Nf3 Nf6 3. e3 c5 4. c3 Nc6 5. Bd3 Bg4 6. Nbd2 e6 7. 0-0 Bd6 8. dxc5 Bxc5 9. e4 0-0 10. Qc2 dxe4 11. Nxe4 Nxe4 12. Bxe4 Bxf3 13. Bxf3 Qc7 14. Re1 Bd6 15. g3 Nd4 16. Qe4 Nxf3+ 17. Qxf3 Rac8 18. Be3 Bc5 19. Bxc5 Qxc5 20. Rad1 Qc7 21. Rd4 Rfd8 22. Red1 b6 23. Qd3 Re8 24. Rd7 Qb8 25. Qf3 Rf8 26. Rb7 Qe5 27. Rxa7 Rc7 28. Ra8 Rcc8 29. Rxc8 Rxc8 30. Qb7 Qc5 31. Rd7 Rf8 32. Qc7 Qb5 33. Rd8 g6 34. Rxf8+ Kxf8 35. Qd8+ Kg7 36. Qd4+ Kg8 37. c4 Qa5 38. a3 h6 39. Qd3 Kf8 40. b4 Qe5 41. Qd8+ Kg7 1-0

[Event "Pskov 5th op"]
[Site "Pskov"]
[Date "2008.06.23"]
[Round "1.13"]
[White "Veltmander, Vitaliy"]
[Black "Danilova, Tatiana"]
[Result "1-0"]
[WhiteElo "2073"]
[BlackElo "1857"]
[PlyCount "49"]
[EventDate "2008.06.22"]
[EventType "swiss"]
[EventRounds "9"]
[EventCountry "RUS"]
[SourceTitle "EXT 2022"]
[Source "ChessBase"]
[SourceDate "2021.10.06"]
[SourceVersion "1"]
[SourceVersionDate "2021.10.06"]
[SourceQuality "1"]

1. d4 Nf6 2. Nf3 e6 3. e3 b6 4. Bd3 Bb7 5. Nbd2 c5 6. c3 Be7 7. e4 d6 8. 0-0 Nbd7 9. Qe2 0-0 10. e5 Ne8 11. Ne4 cxd4 12. cxd4 dxe5 13. dxe5 Nc5 14. Nxc5 bxc5 15. Rd1 Qc7 16. Ng5 h6 17. Nh7 Qc6 18. f3 Nc7 19. Nxf8 Bxf8 20. Qe4 Qxe4 21. Bxe4 Bxe4 22. fxe4 Na6 23. Rd7 Nb4 24. Bd2 Nc2 25. Rf1 1-0

[Event "Northwest FR-ch"]
[Site "St Petersburg"]
[Date "2008.03.24"]
[Round "4"]
[White "Veltmander, Vitaliy"]
[Black "Makovetsky, Boris"]
[Result "0-1"]
[WhiteElo "2073"]
[BlackElo "2249"]
[PlyCount "72"]
[EventDate "2008.03.21"]
[EventType "swiss"]
[EventRounds "9"]
[EventCountry "RUS"]
[SourceTitle "EXT 2022"]
[Source "ChessBase"]
[SourceDate "2021.10.06"]
[SourceVersion "1"]
[SourceVersionDate "2021.10.06"]
[SourceQuality "1"]

1. d4 c5 2. e3 e6 3. Nf3 d6 4. Bd3 b6 5. c3 Nd7 6. Nbd2 Bb7 7. 0-0 g5 8. e4 g4 9. Ne1 h5 10. f4 Qc7 11. a3 a5 12. e5 d5 13. f5 Ne7 14. fxe6 fxe6 15. Qe2 c4 16. Bc2 0-0-0 17. b3 cxb3 18. Nxb3 a4 19. Bg5 axb3 20. Bxb3 Re8 21. Rf7 Rg8 22. Qd2 Rg7 23. Rf1 Ba6 24. Rf2 Nf5 25. Bxd5 exd5 26. Rxf5 Qc4 27. Nc2 Qd3 28. Qf2 Be7 29. Nb4 Bxb4 30. cxb4 Bc4 31. a4 Qc3 32. Rc1 Qxb4 33. e6 Rxe6 34. Rxd5 Kb7 35. Rf5 Re2 36. Qg3 Rxg5 0-1

[Event "Northwest FR-ch"]
[Site "St Petersburg"]
[Date "2008.03.24"]
[Round "5"]
[White "Zhuravlev, A."]
[Black "Veltmander, Vitaliy"]
[Result "0-1"]
[WhiteElo "2140"]
[BlackElo "2073"]
[PlyCount "141"]
[EventDate "2008.03.21"]
[EventType "swiss"]
[EventRounds "9"]
[EventCountry "RUS"]
[SourceTitle "EXT 2022"]
[Source "ChessBase"]
[SourceDate "2021.10.06"]
[SourceVersion "1"]
[SourceVersionDate "2021.10.06"]
[SourceQuality "1"]

1. d4 d5 2. Nf3 Nf6 3. Bf4 Bf5 4. e3 e6 5. Ne5 Nfd7 6. g4 Bg6 7. Nxg6 hxg6 8. c4 c6 9. Nc3 dxc4 10. Bxc4 Nb6 11. Be2 Bd6 12. Bxd6 Qxd6 13. h3 N8d7 14. Qb3 a5 15. 0-0-0 a4 16. Qc2 a3 17. b3 Nd5 18. Ne4 Qb4 19. Qc4 Ke7 20. Qxb4+ Nxb4 21. Kb1 Nf6 22. Nc5 b6 23. Nd3 Nbd5 24. Rc1 Ne4 25. Ka1 Rac8 26. Bf3 Ndf6 27. Rc2 Rhd8 28. Ne5 c5 29. Rhc1 Ke8 30. Bg2 Kf8 31. b4 Nxf2 32. bxc5 bxc5 33. Rxf2 cxd4 34. Rxc8 Rxc8 35. Kb1 dxe3 36. Re2 Rc3 37. Nc6 Nd5 38. Bxd5 exd5 39. Nd4 Rd3 40. Nb3 d4 41. Kc2 Rc3+ 42. Kd1 Rd3+ 43. Kc1 f5 44. Nc5 Rc3+ 45. Rc2 e2 46. Nd3 Rxd3 47. Rxe2 Rxh3 48. Rf2 Ke7 49. gxf5 gxf5 50. Rxf5 Ke6 51. Rg5 Rh2 52. Rxg7 Rxa2 53. Ra7 Kd5 54. Kb1 Rb2+ 55. Kc1 Rb3 56. Kc2 Rc3+ 57. Kd2 Kc4 58. Rc7+ Kb3 59. Rb7+ Ka2 60. Rb4 Rb3 61. Rc4 Rb2+ 62. Kc1 d3 63. Ra4 Kb3 64. Ra8 Rc2+ 65. Kd1 a2 66. Rb8+ Kc3 67. Ra8 Kb2 68. Rb8+ Ka1 69. Rd8 Kb1 70. Rxd3 a1Q 71. Rb3+ 0-1